[Event "ABAB    III"]
[Site "SchemingMind.com"]
[Date "2018.01.05"]
[Round "-"]
[White "Helga1946"]
[Black "JAHI"]
[Result "1-0"]
[WhiteCountry "GER"]
[BlackCountry "INT"]
[WhiteElo "2278"]
[WhiteRD "66"]
[BlackElo "2108"]
[BlackRD "71"]
[GameID "422646"]

1. e4 d6 2. d4 d5 3. exd5 Qxd5 4. Nc3 Qa5 5. a3 e6 6. Bf4 Nf6 7. b4 Qb6 8. Nf3 a6 9. Qd2 Bd6 10. Bd3 Bxf4
11. Qxf4 Qd6 12. Qh4 Nc6 13. O-O Ne7 14. Rfe1 Rb8 15. Ne5 h6 16. Rad1 a5 17. Bb5+ c6 18. d5 exd5 19. Nxd5 Nfxd5 20. Rxd5 Nxd5
21. Nc4+ Qe6 22. Nd6+ Kd7 23. Rxe6 Kxe6 24. Be2 Kxd6 25. Qg3+ Ke7 26. Qxb8 axb4 27. Qe5+ Be6 28. Qxg7 Ra8 29. axb4 Nxb4 30. c4 Ra2
31. Bf1 c5 32. Qxh6 b6 33. h4 Nc6 34. h5 Ne5 35. f4 Nd7 36. Qg5+ f6 37. Qg7+ Bf7 38. Bd3 Ra1+ 39. Kh2 Ra8 40. Bg6 Rf8
41. h6 Ke8 42. f5 b5 43. cxb5 Bxg6 44. fxg6 Ne5 45. h7 Ng4+ 46. Kg1 f5 47. Qc7 Nf6 48. g7 Nxh7 49. b6 Nf6 50. b7 Nd7
51. gxf8=Q+ Kxf8 52. Qxd7 c4 53. b8=Q#
1-0

[Event "ABAB    III"]
[Site "SchemingMind.com"]
[Date "2018.01.06"]
[Round "-"]
[White "TheHornedReaper "]
[Black "Helga1946"]
[Result "0-1"]
[WhiteCountry "ROU"]
[BlackCountry "GER"]
[WhiteElo "1246"]
[WhiteRD "49"]
[BlackElo "2249"]
[BlackRD "67"]
[GameID "422886"]

1. e4 e5 2. Nf3 Nc6 3. Bb5 a6 4. Ba4 Qf6 5. O-O b5 6. Bb3 h6 7. c3 Rb8 8. Re1 d6 9. h3 Qg6 10. Kh1 Qh5
0-1

[Event "ABAB    III"]
[Site "SchemingMind.com"]
[Date "2018.01.05"]
[Round "-"]
[White "JAHI"]
[Black "TheHornedReaper "]
[Result "1-0"]
[WhiteCountry "INT"]
[BlackCountry "ROU"]
[WhiteElo "2135"]
[WhiteRD "71"]
[BlackElo "1246"]
[BlackRD "49"]
[GameID "422887"]

1. b3 d5 2. Bb2 Nc6 3. c3 e5 4. c4 d4 5. e3 Bf5 6. exd4 exd4 7. Be2 Nf6 8. d3 Bd6 9. a3 O-O 10. Kf1 Re8
11. Nd2
1-0

[Event "ABAB    III"]
[Site "SchemingMind.com"]
[Date "2018.02.02"]
[Round "-"]
[White "David Perna-Fraser"]
[Black "Helga1946"]
[Result "1/2-1/2"]
[WhiteCountry "CAN"]
[BlackCountry "GER"]
[WhiteElo "2142"]
[WhiteRD "73"]
[BlackElo "2070"]
[BlackRD "51"]
[GameID "424271"]

1. e4 e5 2. Nf3 Nc6 3. Bc4 Qf6 4. Nc3 h6 5. Nd5 Qd8 6. d4 d6 7. O-O Bg4 8. Ne3 Bxf3 9. Qxf3 Qf6 10. Qh5 Nxd4
11. Nd5 Qd8 12. f4 g6 13. Qd1 Rh7 14. c3 Ne6 15. Qf3 c6 16. fxe5 dxe5 17. Be3 Bd6 18. Nb4 Qd7 19. h4 Qe7 20. Rad1 a5
21. h5 g5 22. Qf5 Rg7=
1/2-1/2

[Event "ABAB    III"]
[Site "SchemingMind.com"]
[Date "2018.02.02"]
[Round "-"]
[White "David Perna-Fraser"]
[Black "JAHI"]
[Result "1-0"]
[WhiteCountry "CAN"]
[BlackCountry "INT"]
[WhiteElo "2190"]
[WhiteRD "73"]
[BlackElo "2107"]
[BlackRD "70"]
[GameID "424273"]

1. e4 d6 2. d4 d5 3. exd5 Qxd5 4. Nc3 Qd8 5. Nf3 e6 6. Be2 Nf6 7. O-O Be7 8. h3 Nc6 9. Bb5 Rb8 10. Ne5 Bd7
11. Bxc6 Bxc6 12. Nxc6 bxc6 13. Qf3 Qxd4 14. Qxc6+ Qd7 15. Qf3 Qc8 16. b3 Qb7 17. Qxb7 Rxb7 18. Rd1 h6 19. Na4 Bd6 20. c4 Rb8
21. Bb2 Rc8 22. Rd3 h5 23. Rad1 a6 24. Nb6 Rb8 25. c5 cxb6 26. Rxd6 bxc5 27. Rxa6 Rc8 28. Rc1 h4 29. Bxf6 gxf6 30. Rxc5 Rxc5
31. Ra8+ Ke7 32. Rxh8 Rc2 33. a4 Rb2 34. Rb8 Rb1+ 35. Kh2 Rb2 36. Rb4 Rxf2 37. a5 Ra2 38. Ra4 Rd2 39. a6 Rd8 40. a7 Ra8
41. g3 hxg3+ 42. Kxg3 Kd6 43. h4 Kc6 44. h5 e5 45. h6 Kb5 46. h7 f5 47. h8=Q Rxh8 48. a8=Q Rxa8 49. Rxa8 Kb4 50. Rb8+ Kc5
51. b4+ Kd4 52. b5 Kc4 53. b6 Kb5 54. b7 Kc6 55. Re8 Kxb7 56. Rxe5 Kc6 57. Rxf5 Kd6 58. Rxf7 Ke6 59. Rf4 Ke5 60. Kf3 Kd5
61. Re4 Kc5 62. Ke3 Kd5 63. Kd3 Kc5 64. Rd4 Kb5 65. Rc4 Kb6 66. Kd4 Kb5 67. Kc3 Ka5 68. Rb4 Ka6 69. Kc4 Ka5 70. Rb1 Ka6
71. Kc5 Ka7 72. Kc6 Ka8 73. Kc7 Ka7 74. Ra1#
1-0

[Event "ABAB    III"]
[Site "SchemingMind.com"]
[Date "2018.02.03"]
[Round "-"]
[White "Transcendent"]
[Black "JAHI"]
[Result "0-1"]
[WhiteCountry "ENG"]
[BlackCountry "INT"]
[WhiteElo "1325"]
[WhiteRD "58"]
[BlackElo "2135"]
[BlackRD "71"]
[GameID "424321"]

1. d4 c6 2. e4 c5 3. Nf3 cxd4 4. Nxd4 d6 5. Nc3 Nf6 6. f4 a6 7. Bc4 e6 8. O-O Nc6 9. Be3 d5 10. exd5 exd5
11. Bb3 Bc5 12. Re1 Ne7 13. Qf3 Bg4
0-1

[Event "ABAB    III"]
[Site "SchemingMind.com"]
[Date "2018.02.07"]
[Round "-"]
[White "Helga1946"]
[Black "Timaeus"]
[Result "1-0"]
[WhiteCountry "GER"]
[BlackCountry "JPN"]
[WhiteElo "2249"]
[WhiteRD "67"]
[BlackElo "1482"]
[BlackRD "74"]
[GameID "424519"]

1. d4 d5 2. c3 Bf5 3. Qb3 Bxb1 4. Qxb7 Nd7 5. Rxb1 Qb8 6. Qxd5 e6 7. Qc6 Ne7 8. Qf3 Nf5 9. d5 exd5 10. Qxf5 Bd6
11. Qxd5 O-O 12. Nf3 Qe8 13. Be3 Nb6 14. Bxb6 axb6 15. e3 Ra5 16. Qb3 Qd7 17. Be2 b5 18. Nd4 c6 19. Rd1 Qe6 20. Nxe6 Re8
21. Ng5 Be7 22. Qxf7+
1-0

[Event "ABAB    III"]
[Site "SchemingMind.com"]
[Date "2018.02.07"]
[Round "-"]
[White "Transcendent"]
[Black "Timaeus"]
[Result "0-1"]
[WhiteCountry "ENG"]
[BlackCountry "JPN"]
[WhiteElo "1325"]
[WhiteRD "58"]
[BlackElo "1482"]
[BlackRD "74"]
[GameID "424521"]

1. d4 d5 2. c4 dxc4 3. e4 Nf6 4. Nc3 Nxe4 5. Nxe4 Bf5 6. Ng3 e6 7. Nxf5 exf5 8. Bxc4 Bb4+ 9. Kf1 O-O 10. Nf3 Nc6
11. Be3 Qe7
0-1

[Event "ABAB    III"]
[Site "SchemingMind.com"]
[Date "2018.02.07"]
[Round "-"]
[White "Timaeus"]
[Black "David Perna-Fraser"]
[Result "0-1"]
[WhiteCountry "JPN"]
[BlackCountry "CAN"]
[WhiteElo "1482"]
[WhiteRD "74"]
[BlackElo "2133"]
[BlackRD "75"]
[GameID "424522"]

1. d4 Nf6 2. Bf4 e6 3. e3 b6 4. Nc3 Bb7 5. Nf3 Bb4 6. Bd3 Ne4 7. O-O Nxc3 8. bxc3 Bxc3 9. Rb1 a5 10. Rb3 Bb4
11. a3 Be7 12. c4 O-O 13. e4 d5 14. exd5 exd5 15. Re1 Bf6 16. c5 Nc6 17. Bb5 Ne7 18. Qc2 Ng6 19. a4 Nxf4 20. g3 Ng6
21. Rbe3 c6 22. Bd3 Qd7 23. cxb6 Rae8 24. Bxg6 hxg6 25. Rxe8 Rxe8 26. Rxe8+ Qxe8 27. Qc5 Qe4 28. Kg2 Bc8 29. Qxc6 Bg4 30. Qc3 Bxd4
31. Qxd4 Bxf3+
0-1

[Event "ABAB    III"]
[Site "SchemingMind.com"]
[Date "2018.02.07"]
[Round "-"]
[White "JAHI"]
[Black "Timaeus"]
[Result "1-0"]
[WhiteCountry "INT"]
[BlackCountry "JPN"]
[WhiteElo "2136"]
[WhiteRD "72"]
[BlackElo "1398"]
[BlackRD "94"]
[GameID "424523"]

1. b3 Nc6 2. Bb2 e5 3. e3 Bc5 4. Bb5 a6 5. Bxc6 dxc6 6. Bxe5 f6 7. Bxc7 Qxc7 8. Qh5+ g6 9. Qxc5 Ne7 10. Nc3 b6
11. Qc4 Qd6 12. Nf3 Be6 13. Ne4 Bxc4 14. Nxd6+ Kd7 15. Nxc4 Rhe8 16. Nxb6+
1-0

[Event "ABAB    III"]
[Site "SchemingMind.com"]
[Date "2018.02.19"]
[Round "-"]
[White "Andoni Zabala"]
[Black "Timaeus"]
[Result "1-0"]
[WhiteCountry "INT"]
[BlackCountry "JPN"]
[WhiteElo "1850"]
[WhiteRD "101"]
[BlackElo "1482"]
[BlackRD "74"]
[GameID "424956"]

1. e4 e5 2. Nf3 Nc6 3. Bb5 Bc5 4. O-O Nf6 5. c3 O-O 6. d4 exd4 7. cxd4 Bb6 8. Bg5 a6 9. Ba4 d6 10. h3 Bxh3
11. gxh3 Nxd4 12. Nxd4 h6 13. Bh4 c6 14. Nc3 c5 15. Nf5 Bc7 16. Nd5 Qe8 17. Bxe8
1-0

[Event "ABAB    III"]
[Site "SchemingMind.com"]
[Date "2018.02.20"]
[Round "-"]
[White "David Perna-Fraser"]
[Black "Andoni Zabala"]
[Result "1-0"]
[WhiteCountry "CAN"]
[BlackCountry "INT"]
[WhiteElo "2142"]
[WhiteRD "73"]
[BlackElo "1847"]
[BlackRD "103"]
[GameID "424958"]

1. e4 c5 2. Nf3 d6 3. d4 cxd4 4. Nxd4 Nf6 5. Nc3 g6 6. f3 Bg7 7. Be3 O-O 8. Qd2 Nc6 9. g4 Bd7 10. O-O-O Rc8
11. h4 Ne5 12. h5 Nc4 13. Bxc4 Rxc4 14. hxg6 fxg6 15. b3 Rc8 16. Nd5 Nxd5 17. exd5 Bxd4 18. Bxd4 e5 19. dxe6 Bxe6 20. Rxh7 Rc7
21. Rh8+ Kf7 22. Qf4+ Bf5 23. Rxf8+ Kxf8 24. gxf5 g5 25. Qh2 Rf7 26. Qh8+ Ke7 27. Re1+ Kd7 28. Qxd8+ Kxd8 29. f6 a6 30. Rg1 Kd7
31. Rxg5 b5 32. Rg7 Ke6 33. f4
1-0

[Event "ABAB    III"]
[Site "SchemingMind.com"]
[Date "2018.02.20"]
[Round "-"]
[White "Helga1946"]
[Black "Andoni Zabala"]
[Result "1/2-1/2"]
[WhiteCountry "GER"]
[BlackCountry "INT"]
[WhiteElo "2070"]
[WhiteRD "51"]
[BlackElo "1847"]
[BlackRD "103"]
[GameID "424959"]

1. e4 c5 2. Nf3 d6 3. d4 cxd4 4. Qxd4 Nc6 5. Qd3 g6 6. Be3 Bg7 7. c3 Nf6 8. Nbd2 O-O 9. Bg5 b5 10. Qxb5 Bd7
11. Qe2 Rb8 12. Nb3 a5 13. Bc1 e5 14. Nbd2 d5 15. exd5 Nxd5 16. Ne4 a4 17. Qc4 Qa5 18. Nfd2= Nce7 19. Qc5=
1/2-1/2

[Event "ABAB    III"]
[Site "SchemingMind.com"]
[Date "2018.02.20"]
[Round "-"]
[White "Andoni Zabala"]
[Black "JAHI"]
[Result "0-1"]
[WhiteCountry "INT"]
[BlackCountry "INT"]
[WhiteElo "1815"]
[WhiteRD "98"]
[BlackElo "2107"]
[BlackRD "70"]
[GameID "424960"]

1. e4 d6 2. d4 d5 3. exd5 Qxd5 4. Nc3 Qd8 5. Nf3 Nf6 6. Bc4 e6 7. Bg5 Be7 8. Qd2 h6 9. Bxf6 Bxf6 10. O-O-O Nd7
11. Rhe1 Nb6 12. Bb3 c6 13. Kb1 Qc7 14. Ne4 Be7 15. Ne5 Nd7 16. f4 Nxe5 17. dxe5 Kf8 18. g4 Kg8 19. Re3 Rb8 20. Rd3 c5
21. c4 g6 22. Bc2 a6 23. Nd6 b6 24. f5 Bg5 25. Qf2 exf5 26. gxf5 Bxf5 27. Nxf5 Qxe5 28. Nd6 Rh7 29. Re1 Qf6 30. Qxf6 Bxf6
31. Re8+ Rxe8 32. Nxe8 Bd4 33. Nc7 a5 34. Nd5 Kg7 35. Nxb6 Rh8 36. b3 Re8 37. Bd1 g5 38. Kc2 Re1 39. Kd2 Rh1 40. h3 Rh2+
41. Be2 h5 42. Rxd4 cxd4 43. Kd3 Rxh3+ 44. Kxd4 Rh2 45. c5 Rxe2 46. Kd3 Re6 47. Nc4 h4 48. Ne3 h3 49. Ng4 f6 50. a3 f5
51. Nh2 g4 52. c6 Rxc6 53. b4 g3
0-1

[Event "ABAB    III"]
[Site "SchemingMind.com"]
[Date "2018.03.07"]
[Round "-"]
[White "Timaeus"]
[Black "Keithk"]
[Result "0-1"]
[WhiteCountry "JPN"]
[BlackCountry "ENG"]
[WhiteElo "1482"]
[WhiteRD "74"]
[BlackElo "2405"]
[BlackRD "65"]
[GameID "425562"]

1. d4 Nf6 2. Bf4 d5 3. e3 Bg4 4. Nf3 e6 5. h3 Bxf3 6. Qxf3 c5 7. dxc5 Bxc5 8. Bd3 Nc6 9. O-O e5 10. Bb5 exf4
11. Bxc6+ bxc6 12. Nc3 fxe3 13. fxe3 O-O 14. a3 Re8 15. Rae1 Qb6 16. Nd1 Re7 17. b4 Bd6 18. c3 Ne4 19. Nf2 Nd2 20. Qe2 Nxf1
21. Kxf1 Rae8 22. Ng4 h5 23. Nf6+ gxf6 24. Qxh5 Rxe3 25. Qg4+ Kf8
0-1

[Event "ABAB    III"]
[Site "SchemingMind.com"]
[Date "2018.03.08"]
[Round "-"]
[White "Keithk"]
[Black "David Perna-Fraser"]
[Result "1-0"]
[WhiteCountry "ENG"]
[BlackCountry "CAN"]
[WhiteElo "2468"]
[WhiteRD "60"]
[BlackElo "2165"]
[BlackRD "75"]
[GameID "425564"]

1. e4 c5 2. Nf3 Nc6 3. d4 cxd4 4. Nxd4 e5 5. Nb5 d6 6. N5c3 Nf6 7. Be2 Nd4 8. O-O Be6 9. Bd3 Be7 10. Ne2 Nc6
11. c4 O-O 12. b3 Nb4 13. Nbc3 Nxd3 14. Qxd3 Nd7 15. Be3 Nc5 16. Qd2 f5 17. exf5 Bxf5 18. Rad1 Ne4 19. Qd5+
1-0

[Event "ABAB    III"]
[Site "SchemingMind.com"]
[Date "2018.03.08"]
[Round "-"]
[White "Keithk"]
[Black "Helga1946"]
[Result "1-0"]
[WhiteCountry "ENG"]
[BlackCountry "GER"]
[WhiteElo "2495"]
[WhiteRD "61"]
[BlackElo "2070"]
[BlackRD "51"]
[GameID "425565"]

1. e4 e5 2. Nf3 Nc6 3. Bb5 a6 4. Ba4 h6 5. O-O b5 6. Bb3 Bb7 7. d4 exd4 8. a4 Nf6 9. e5 Nh7 10. c3 dxc3
11. Nxc3 b4 12. Nd5 Be7 13. Be3 Nf8 14. Nd4 Nxd4 15. Qxd4 Ne6 16. Qe4 a5 17. Rad1 Bc6 18. f4 Bc5 19. f5 Qg5 20. Bf2 O-O-O
21. Qc2 Bxf2+ 22. Qxf2 Kb7 23. h4 Qg4 24. Ne3 Qe4 25. Nc4 Qxg2+ 26. Qxg2 Bxg2 27. Kxg2 Nc5 28. Bc2 Ra8 29. b3 c6 30. Nd6+ Kb8
31. Nxf7 Re8 32. Rfe1 Kc7 33. Kg3 Nb7 34. Nd6 Re7 35. Kf4 Nc5 36. Rg1 Kb6 37. Nc4+ Ka6 38. Rg6
1-0

[Event "ABAB    III"]
[Site "SchemingMind.com"]
[Date "2018.03.07"]
[Round "-"]
[White "JAHI"]
[Black "Keithk"]
[Result "0-1"]
[WhiteCountry "INT"]
[BlackCountry "ENG"]
[WhiteElo "2135"]
[WhiteRD "71"]
[BlackElo "2405"]
[BlackRD "65"]
[GameID "425566"]

1. d3 d5 2. e3 e5 3. e4 dxe4 4. dxe4 Qxd1+ 5. Kxd1 Bc5 6. Be3 Bxe3 7. fxe3 Be6 8. Nf3 Nd7 9. Bd3 a5 10. Ke2 f6
11. Nbd2 Nh6 12. c3 Nf7 13. Rhc1 Nd6 14. Bc2 Ke7 15. Nh4 g6 16. Nhf3 a4 17. Kf2 Rhd8 18. h3 h5 19. b3 Nb5 20. Bd3 Na3
21. b4 Nc5 22. bxc5 Rxd3 23. Ke2 Rad8 24. Nd4 Rxd2+ 25. Kxd2 f5 26. exf5 gxf5 27. g3 Kf6 28. Rg1 exd4 29. cxd4 Nc4+ 30. Ke2 Bd5
31. Kd3 Re8 32. Rae1 Re4 33. Rgf1 Kg5 34. Rf4 Re6 35. Kc3 a3 36. Rf2 Rxe3+ 37. Rxe3 Nxe3 38. Kd2 Bxa2 39. Rf3 Nc4+ 40. Kc3 Bb3
41. Rf1 Ne3 42. Ra1 Nc2 43. Rf1 Ba4 44. h4+ Kf6 45. Rg1 a2 46. Kb2 a1=Q+ 47. Rxa1 Nxa1 48. Kxa1 Ke6 49. Kb2 Kd5 50. Kc3 Bb5
51. Kb4 Bc4 52. Ka3 Kxd4 53. c6 b6 54. Kb2 b5 55. Kc2 b4 56. Kd1 b3 57. Kd2 Bd3 58. Kc1 Kc3 59. Kd1 b2 60. Ke1 b1=Q+
61. Kf2 Qf1+ 62. Ke3 Be4 63. g4 Qf3#
0-1

[Event "ABAB    III"]
[Site "SchemingMind.com"]
[Date "2018.03.12"]
[Round "-"]
[White "Andoni Zabala"]
[Black "Keithk"]
[Result "0-1"]
[WhiteCountry "INT"]
[BlackCountry "ENG"]
[WhiteElo "1831"]
[WhiteRD "101"]
[BlackElo "2468"]
[BlackRD "60"]
[GameID "425567"]

1. e4 e5 2. Nf3 Nc6 3. Bb5 a6 4. Ba4 Nf6 5. O-O Be7 6. Re1 b5 7. Bb3 O-O 8. c3 d6 9. h3 Bb7 10. d4 Re8
11. Nbd2 Bf8 12. Nf1 exd4 13. Ng5 Ne5 14. cxd4 Nc4 15. Bxc4 bxc4 16. Qc2 h6 17. Nf3 Bxe4 18. Qxc4 Bxf3 19. gxf3 Rxe1
0-1

[Event "ABAB    III"]
[Site "SchemingMind.com"]
[Date "2018.03.13"]
[Round "-"]
[White "Andoni Zabala"]
[Black "Olli Ylönen"]
[Result "0-1"]
[WhiteCountry "INT"]
[BlackCountry "FIN"]
[WhiteElo "1743"]
[WhiteRD "99"]
[BlackElo "1870"]
[BlackRD "97"]
[GameID "425607"]

1. e4 c6 2. d4 d5 3. Nc3 dxe4 4. Nxe4 Bf5 5. Ng3 Bg6 6. h4 h6 7. Nf3 Nd7 8. Bd3 Bxd3 9. Qxd3 e6 10. Bf4 Qa5+
11. c3 Ngf6 12. Ne5 Nxe5 13. Bxe5 O-O-O 14. Qf3 Be7 15. O-O Qd5 16. Qe2 Rhg8 17. c4 Qd7 18. c5 Nd5 19. h5 f6 20. Bd6 Bxd6
21. cxd6 Qxd6 22. Ne4 Qe7 23. Nc5 Nc7 24. Rfd1 b6 25. Nb3 Kb7 26. a4 a5 27. Rac1 Qf7 28. Qf3 Rd5 29. Nd2 Qxh5 30. g4 Qg6
31. Rc3 Na6 32. Nc4 Nb4 33. Ne3 Rd7 34. Rdc1 Rc8 35. Rc4 h5 36. R1c3 hxg4 37. Qg2 Qb1+ 38. Kh2 f5 39. b3 Rh8+ 40. Kg3 g5
41. f4 gxf3 42. Kxf3 Qe4+ 43. Kf2 Qxg2+ 44. Kxg2 Rh4 45. Nc2 Nxc2 46. Rxc2 Rhxd4 47. Rxc6 Rd2+ 48. Kf1 Rxc2 49. Rxc2 Rd3
0-1

[Event "ABAB    III"]
[Site "SchemingMind.com"]
[Date "2018.03.09"]
[Round "-"]
[White "Olli Ylönen"]
[Black "Timaeus"]
[Result "1-0"]
[WhiteCountry "FIN"]
[BlackCountry "JPN"]
[WhiteElo "1872"]
[WhiteRD "93"]
[BlackElo "1421"]
[BlackRD "75"]
[GameID "425608"]

1. e4 e5 2. Nf3 Nc6 3. Bb5 Nf6 4. d3 Bc5 5. c3 Bxf2+ 6. Kxf2 a6 7. Ba4 O-O 8. Nbd2 d6 9. h3 b5 10. Bc2 Be6
11. a3 d5 12. Rg1 d4 13. cxd4 exd4 14. g4 Qd6 15. Qe2 Rad8 16. b4 Ne5 17. Nxe5 Qxe5 18. Nf3 Qd6 19. g5 Nh5 20. h4 Nf4
21. Bxf4 Qxf4 22. Raf1 Rfe8 23. Qd2 Qxd2+ 24. Nxd2 Bh3 25. Rc1 Be6 26. Bb3 Rc8 27. Bxe6 Rxe6 28. Nb3 f6 29. Nc5 Rc6 30. gxf6 Rxf6+
31. Ke2 Rcf8 32. Rcf1 R8f7 33. Rxf6 Rxf6 34. Rf1 Rh6 35. Rf4 Rg6 36. Kf2
1-0

[Event "ABAB    III"]
[Site "SchemingMind.com"]
[Date "2018.03.10"]
[Round "-"]
[White "David Perna-Fraser"]
[Black "Olli Ylönen"]
[Result "1-0"]
[WhiteCountry "CAN"]
[BlackCountry "FIN"]
[WhiteElo "2190"]
[WhiteRD "73"]
[BlackElo "1884"]
[BlackRD "89"]
[GameID "425609"]

1. e4 c6 2. d4 d5 3. Nc3 dxe4 4. Nxe4 Bf5 5. Ng3 Bg6 6. h4 h6 7. h5 Bh7 8. Bd3 Bxd3 9. Qxd3 Nf6 10. Nf3 Nbd7
11. Bd2 e6 12. O-O-O Qc7 13. Rhe1 Bd6 14. Nf5 O-O 15. Nxd6 Qxd6 16. g4 Rfe8 17. g5 hxg5 18. Nxg5 e5 19. Qb3 Nd5 20. h6 gxh6
21. Ne4 Qe6 22. Rg1+ Kh7 23. Rh1 Kg8 24. Rdg1+ Kf8 25. Qa3+
1-0

[Event "ABAB    III"]
[Site "SchemingMind.com"]
[Date "2018.03.13"]
[Round "-"]
[White "Helga1946"]
[Black "Olli Ylönen"]
[Result "1/2-1/2"]
[WhiteCountry "GER"]
[BlackCountry "FIN"]
[WhiteElo "2070"]
[WhiteRD "51"]
[BlackElo "1923"]
[BlackRD "92"]
[GameID "425610"]

1. e4 c6 2. d4 d5 3. exd5 cxd5 4. Qf3 Nf6 5. Qb3 Nc6 6. Nf3 g6 7. Bb5 a6 8. Bxc6+ bxc6 9. Ne5 Bd7 10. O-O Bg7
11. Re1 O-O 12. Nd2 a5 13. Qb7 Rb8 14. Qa7 Ra8=
1/2-1/2

[Event "ABAB    III"]
[Site "SchemingMind.com"]
[Date "2018.03.08"]
[Round "-"]
[White "Olli Ylönen"]
[Black "Keithk"]
[Result "0-1"]
[WhiteCountry "FIN"]
[BlackCountry "ENG"]
[WhiteElo "1923"]
[WhiteRD "92"]
[BlackElo "2495"]
[BlackRD "61"]
[GameID "425612"]

1. d4 Nf6 2. c4 e6 3. Nc3 Bb4 4. e3 O-O 5. Bd3 d5 6. Nf3 c5 7. O-O Nc6 8. a3 Bxc3 9. bxc3 b6 10. cxd5 exd5
11. Ne5 Bb7 12. Bb2 c4 13. Bc2 Re8 14. Nxc6 Bxc6 15. Re1 b5 16. f3 a5 17. Bc1 g6 18. Bd2 Kg7 19. g4 h5 20. h3 Qc7
21. Qe2 hxg4 22. hxg4 Rh8 23. Qg2 Rh4 24. Kf2 Rh2
0-1

[Event "ABAB    III"]
[Site "SchemingMind.com"]
[Date "2018.03.08"]
[Round "-"]
[White "JAHI"]
[Black "Olli Ylönen"]
[Result "1-0"]
[WhiteCountry "INT"]
[BlackCountry "FIN"]
[WhiteElo "2126"]
[WhiteRD "72"]
[BlackElo "1856"]
[BlackRD "94"]
[GameID "425614"]

1. d3 d5 2. e3 e5 3. e4 dxe4 4. dxe4 Qxd1+ 5. Kxd1 Nf6 6. Nc3 Bc5 7. Be3 Bxe3 8. fxe3 Bg4+ 9. Nf3 Nxe4 10. Nxe4 f5
11. Nf2 e4 12. Nxg4 exf3 13. Ne5 fxg2 14. Bxg2 c6 15. Nc4 Ke7 16. Na5
1-0

[Event "ABAB    III"]
[Site "SchemingMind.com"]
[Date "2018.03.13"]
[Round "-"]
[White "Andoni Zabala"]
[Black "grabapawn"]
[Result "1-0"]
[WhiteCountry "INT"]
[BlackCountry "USA"]
[WhiteElo "1850"]
[WhiteRD "101"]
[BlackElo "1528"]
[BlackRD "56"]
[GameID "425634"]

1. e4 d6 2. d4 Nf6 3. Nc3 Nbd7 4. Nf3 e5 5. Bc4 Be7 6. O-O c6 7. a4 h6 8. h3 g5 9. b4 g4 10. hxg4 Nxg4
11. d5 Ndf6 12. dxc6 Nh5 13. cxb7 Nf4 14. bxa8=Q
1-0

[Event "ABAB    III"]
[Site "SchemingMind.com"]
[Date "2018.03.09"]
[Round "-"]
[White "grabapawn"]
[Black "Timaeus"]
[Result "1-0"]
[WhiteCountry "USA"]
[BlackCountry "JPN"]
[WhiteElo "1545"]
[WhiteRD "52"]
[BlackElo "1345"]
[BlackRD "81"]
[GameID "425635"]

1. d4 d5 2. Bf4 e6 3. Nf3 Bd6 4. Bg3 Nf6 5. Nbd2 Bxg3 6. hxg3 O-O 7. e3 a6 8. Bd3 Nc6 9. c3 Bd7 10. Ne5 b5
11. g4 b4 12. g5 Ne4 13. Nxe4 Nxe5 14. Nf6+ gxf6 15. Qh5
1-0

[Event "ABAB    III"]
[Site "SchemingMind.com"]
[Date "2018.03.08"]
[Round "-"]
[White "David Perna-Fraser"]
[Black "grabapawn"]
[Result "1-0"]
[WhiteCountry "CAN"]
[BlackCountry "USA"]
[WhiteElo "2142"]
[WhiteRD "73"]
[BlackElo "1533"]
[BlackRD "66"]
[GameID "425636"]

1. e4 d6 2. d4 Nf6 3. Nc3 Nbd7 4. Bd3 e5 5. Nf3 Be7 6. O-O h6 7. Re1 c6 8. Ne2 Qc7 9. Ng3 Nf8 10. c3 Ng6
11. Qc2 Ng4 12. a4 a5 13. dxe5 N6xe5 14. Nxe5 Nxe5 15. f4 Ng4 16. Ne2 g5 17. h3 h5 18. hxg4 hxg4 19. Ng3 Bd7 20. Qe2 O-O-O
21. fxg5 d5 22. e5 Rdg8 23. Nf5 Bxg5 24. Nd6+ Kb8 25. Bxg5 Rxg5 26. Nxf7 Rgh5 27. Nxh8 Qb6+ 28. Qe3 c5 29. e6 d4 30. Qg3+ Ka7
31. exd7 dxc3 32. Re6 Qxe6 33. d8=Q
1-0

[Event "ABAB    III"]
[Site "SchemingMind.com"]
[Date "2018.03.11"]
[Round "-"]
[White "Helga1946"]
[Black "grabapawn"]
[Result "1-0"]
[WhiteCountry "GER"]
[BlackCountry "USA"]
[WhiteElo "2070"]
[WhiteRD "51"]
[BlackElo "1533"]
[BlackRD "66"]
[GameID "425637"]

1. c4 d6 2. d4 Nf6 3. Nc3 Nbd7 4. Qa4 e5 5. d5 Be7 6. Nf3 O-O 7. e4 Nb6 8. Qb3 Ng4 9. h3 Nf6 10. Be2 c6
11. Qc2 Qc7 12. b3 Nh5 13. Nxe5 dxe5 14. Bxh5 g6 15. Be2 Kg7 16. Be3 f5 17. c5 Nxd5 18. exd5 Qa5 19. d6 Bf6 20. Qb2 e4
21. Rc1 Bd7 22. Qd2 b6 23. Bh6+ Kg8 24. h4 bxc5 25. h5 Rad8 26. hxg6 Rfe8 27. Bg5 Re6 28. Bxf6 Rxf6 29. Qh6 hxg6 30. Bc4+
1-0

[Event "ABAB    III"]
[Site "SchemingMind.com"]
[Date "2018.03.08"]
[Round "-"]
[White "grabapawn"]
[Black "Keithk"]
[Result "0-1"]
[WhiteCountry "USA"]
[BlackCountry "ENG"]
[WhiteElo "1545"]
[WhiteRD "52"]
[BlackElo "2306"]
[BlackRD "75"]
[GameID "425639"]

1. d4 Nf6 2. Bf4 d5 3. e3 c5 4. c3 Nc6 5. Nd2 Bf5 6. h3 e6 7. g4 Bg6 8. Ngf3 Bd6 9. Ne5 Bxe5 10. dxe5 Nd7
11. Nf3 h5 12. Bg5 Qb6 13. Bg2 Qxb2 14. O-O hxg4 15. hxg4 Qxc3 16. Rc1 Qa3 17. Re1 Be4 18. Bf4 Nb4 19. Nd2 Bxg2 20. Kxg2 Nd3
21. Nf3 Nxc1 22. Rh1 Rxh1 23. Kxh1 Nd3 24. Bg5 Nxf2+
0-1

[Event "ABAB    III"]
[Site "SchemingMind.com"]
[Date "2018.03.09"]
[Round "-"]
[White "Olli Ylönen"]
[Black "grabapawn"]
[Result "1-0"]
[WhiteCountry "FIN"]
[BlackCountry "USA"]
[WhiteElo "1923"]
[WhiteRD "92"]
[BlackElo "1533"]
[BlackRD "66"]
[GameID "425640"]

1. d4 d6 2. e4 Nf6 3. Nc3 Nbd7 4. f4 e5 5. Nf3 Be7 6. fxe5 dxe5 7. dxe5 Ng4 8. Bf4 Nc5 9. Qxd8+ Bxd8 10. h3 Nh6
11. O-O-O Be6 12. a3 O-O 13. g4 f6 14. exf6 gxf6 15. Bxh6 Rf7 16. Nd4 Bd7 17. Bc4 Ne6 18. Nxe6 Re7 19. Nxd8+
1-0

[Event "ABAB    III"]
[Site "SchemingMind.com"]
[Date "2018.03.08"]
[Round "-"]
[White "JAHI"]
[Black "grabapawn"]
[Result "1-0"]
[WhiteCountry "INT"]
[BlackCountry "USA"]
[WhiteElo "2108"]
[WhiteRD "71"]
[BlackElo "1545"]
[BlackRD "52"]
[GameID "425642"]

1. d3 d6 2. e3 Nf6 3. e4 Nbd7 4. Bg5 e5 5. Bxf6 Nxf6 6. Nf3 Be7 7. Be2 c6 8. Nbd2 Qc7 9. c3 Qb6 10. Qc2 Ng4
11. d4 exd4 12. cxd4 Be6 13. Rc1 O-O 14. Bd3 Rac8 15. h3 Nf6 16. a3 d5 17. e5 Ne4 18. Nxe4 dxe4 19. Bxe4 c5 20. d5 Bd7
21. d6 Bd8 22. Bxh7+ Kh8 23. Bf5 Be6 24. Bxe6 fxe6 25. Qe2 Qc6 26. Rc3 b5 27. h4 c4 28. Kf1 Ba5 29. Ng5 Rxf2+ 30. Kxf2 Rf8+
31. Rf3 Bb6+ 32. Kg3 Rxf3+ 33. Qxf3 Qxf3+ 34. Kxf3
1-0

[Event "ABAB    III"]
[Site "SchemingMind.com"]
[Date "2018.03.13"]
[Round "-"]
[White "psyberduck"]
[Black "grabapawn"]
[Result "0-1"]
[WhiteCountry "USA"]
[BlackCountry "USA"]
[WhiteElo "1175"]
[WhiteRD "188"]
[BlackElo "1512"]
[BlackRD "62"]
[GameID "425811"]

1. e4 d6 2. Nf3 Nf6 3. Nc3 Nbd7 4. Bb5 c6 5. Bc4 e5 6. O-O Be7 7. d3 Qc7 8. Bg5 h6 9. Bxf6 Nxf6 10. d4 b5
11. Bxf7+ Kxf7 12. d5 b4 13. Na4 a5 14. Qd2 c5 15. a3 Bg4
0-1